Zlepšovanie procesov v podniku bakalárska práca

Gespeichert in:
Bibliographische Detailangaben
1. Verfasser: Gbúr, Andrej
Körperschaft: Fakulta podnikového manažmentu EU. Katedra informačného manažmentu
Weitere Verfasser: Bodiš, Miloš
Format: Buch
Sprache:Slowakisch
Veröffentlicht: Bratislava 2021
Tags: Tag hinzufügen
Keine Tags, Fügen Sie das erste Tag hinzu!

MARC

LEADER 00000nbm a2200000 4500
001 0275876
005 20211104095243.3
041 0 |a slo 
044 |a SK 
245 1 0 |a Zlepšovanie procesov v podniku  |b bakalárska práca  |c Andrej Gbúr ; školiteľ: Miloš Bodiš 
264 1 |a Bratislava  |c 2021 
300 |a 36 s. 
100 1 |a Gbúr, Andrej 
700 1 |a Bodiš, Miloš 
710 2 |a Fakulta podnikového manažmentu EU. Katedra informačného manažmentu